000 005420000a22001810004500
003 MACL
005 20160528123817.0
008 160528b xxu||||| |||| 00| 0 eng d
040 _aMACL
_cMACL
041 _aHindi
082 _a891.433
100 _aपॉल,कृष्‍णा
_960475
245 _aजोगेंद्र पॉल बयानात
_cकृष्‍णा पॉल
260 _bसारांश
_c1994
_aदिल्‍ली
350 _a75
650 _aNovel
_960476
942 _cHIN
_k891.433/POL/N
_2ddc
999 _c21483
_d21483